000 00365cam a2200169ua 4500
020 _c1.50
041 _amal
_h
082 _a894.812301
_bDAM/MA
100 _aDamoo, .
245 _aManushyar nallavaranu
260 _aQuilon :
_bJanayugam Press ,
_c1962.
300 _a126 ; .
365 _a1.50
504 _a
942 _cBK
999 _c4309
_d4309